Văn phạm tiếng Đức = Deutsche grammatik

Nội dung sách giúp độc giả tìm hiểu cấu trúc và quy tắc của tiếng Đức để có thể sử dụng tiếng Đức đúng ngữ pháp

Tallennettuna:
Bibliografiset tiedot
Päätekijä: Nguyễn, Thu Hương
Aineistotyyppi: Kirja
Kieli:Undetermined
Julkaistu: Hà Nội Lao động 2001
Aiheet:
Tagit: Lisää tagi
Ei tageja, Lisää ensimmäinen tagi!
Thư viện lưu trữ: Trung tâm Học liệu Trường Đại học Cần Thơ
LEADER 00871nam a2200229Ia 4500
001 CTU_159476
008 210402s9999 xx 000 0 und d
020 |c 45000 
082 |a 435 
082 |b H561 
100 |a Nguyễn, Thu Hương 
245 0 |a Văn phạm tiếng Đức = 
245 0 |b Deutsche grammatik 
245 0 |c Nguyễn Thu Hương, Nguyễn Hữu Đoàn ; Andreas Reinecke ( sửa chữa và hiệu đính ) 
260 |a Hà Nội 
260 |b Lao động 
260 |c 2001 
520 |a Nội dung sách giúp độc giả tìm hiểu cấu trúc và quy tắc của tiếng Đức để có thể sử dụng tiếng Đức đúng ngữ pháp 
650 |a German language 
650 |x Grammar 
904 |i Qhieu 
980 |a Trung tâm Học liệu Trường Đại học Cần Thơ